| 000 | 00782nam a22002177a 4500 | ||
|---|---|---|---|
| 003 | SEM | ||
| 005 | 20260701123956.0 | ||
| 008 | 260701s2017 ai ||||gr||||||01|||arm|d | ||
| 020 | _a9789994107780 | ||
| 040 |
_aSEM _cSEM |
||
| 041 | _aarm | ||
| 080 | _a981.891-1/Գ-87 | ||
| 100 | _aԳրաբսկի, Մկրտիչ | ||
| 245 |
_aԻնքնավերծանում ։ _bԲանաստեղծություններ / _cՄ․ Գրաբսկի; Խմբ․՝ Հ․ Խաչատրյան |
||
| 260 |
_aԵրևան ։ _b«Տիգրան Մեծ » հրատ․, _c2017․ |
||
| 300 |
_a167 էջ ; _bնկ․ ; _c20 սմ |
||
| 650 |
_aՀայ գրականություն _xբանաստեղծություն |
||
| 653 | _aՍԷՄ | ||
| 700 |
_aԽաչատրյան, Հայարփի _4edt. _eխմբ․ |
||
| 942 |
_2udc _cBK _n0 |
||
| 999 |
_c77350 _d77350 |
||